00397nam a2200157Ia 4500001000500000005001700005008004100022041000800063082001600071100003500087245006400122260000900186300002800195650000800223654000800231855720260306160618.0260306t2012||||xx |||||||||||||| ||spa|| aESP a371.11bB45 aBernal Agudo, José LuiseAUT 0aLas competencias docentes en la formación del profesorado c2012 a302 páginas :c23 cm. aGEN aCED